Statystyki dla 30 Stopni Zachodnie Południk Kraje

Kliknij tutaj aby rozwiązać quiz!

Ogólne statystyki

  • Ten quiz został rozwiązany 95 razy
  • Średni wynik to 11 z 20

Statystyki odpowiedzi

stopnikraj% Poprawnych
12.90°Sahara Zachodnia
81%
11.83°Hiszpania
80%
19.52°Irlandia
80%
1.09°Portugalia
79%
5.43°Islandia
75%
21.82°Wielka Brytania
75%
12.46°Senegal
73%
14.91°Gwinea
64%
12.93°Mauretania
63%
21.32°Algieria
60%
17.76°Mali
58%
13.18°Gambia
55%
13.30°Gwinea Bissau
55%
16.68°Sierra Leone
52%
4.82°Brazylia
46%
18.50°Liberia
44%
21.39°Côte d'Ivoire
36%
Grenlandia
35%
22.31°Wyspy Owcze
8%
4.62°Cabo Verde
6%

Rozkład punktacji

Percentyl według liczby udzielonych odpowiedzi

Procent ludzi z każdym wynikiem

Twoja historia wyników

Nie rozwiązałeś tego quizu